000
00268nam a2200121 a 4500
005
20140513081052.0
008
030203s19uu xx 00 eng d
050
_a
P 549
_b
MIN
245
_a
Minerals.
300
_a
Poster
650
_a
Stones--Posters
999
_c
116376
_d
116376